Normal view
MARC view
Entry Personal Name
001 - CONTROL NUMBER
- control field: 1237874
003 - CONTROL NUMBER IDENTIFIER
- control field: OSt
005 - DATE AND TIME OF LATEST TRANSACTION
- control field: 20260430150551.0
008 - FIXED-LENGTH DATA ELEMENTS
- fixed length control field: 260430|| aca||aabn | a|a d
040 ## - CATALOGING SOURCE
- Original cataloging agency: OSt
- Transcribing agency: OSt
100 ## - HEADING--PERSONAL NAME
- Personal name: Deepak Kumar Au.; Singla Pamela Gu
670 ## - SOURCE DATA FOUND
- Source citation: Work cat.: (OSt)1850095: Deepak Kumar Au.; Singla Pamela Gu., Reservation Policy Implementation under the Right to Education Act: Study of Jaipur District in Rajasthan, 2024
